Marketing Communications / Frameworks,Theories and Applications (Record no. 1485)
[ view plain ]
| 000 -LEADER | |
|---|---|
| fixed length control field | 01294cam a22001934a 4500 |
| 005 - ΗΜΕΡΟΜΗΝΙΑ ΚΑΙ ΩΡΑ ΤΕΛΕΥΤΑΙΑΣ ΕΝΗΜΕΡΩΣΗΣ | |
| Πεδίο ελέγχου | 20250605164010.0 |
| 008 - FIXED-LENGTH DATA ELEMENTS--GENERAL INFORMATION | |
| Πεδίο ελέγχου σταθερού μήκους | 250528s ||||||||||||||||||||||||d |
| 035 ## - SYSTEM CONTROL NUMBER | |
| System control number | 15938 |
| 020 ## - ISBN | |
| ISBN | 131509624 |
| 040 ## - ΠΗΓΗ ΚΑΤΑΛΟΓΟΓΡΑΦΗΣΗΣ | |
| Φορέας πρωτότυπης καταλογογράφησης | MC Athens Campus Library |
| Γλώσσα καταλογογράφησης | Ελληνικά, Μοντέρνα (1453-) |
| Modifying agency | MC Athens Campus Library |
| Κανόνες περιγραφικής καταλογογράφησης | AACR2 |
| 245 1# - ΤΙΤΛΟΣ ΚΑΙ ΔΗΛΩΣΗ ΥΠΕΥΘΥΝΟΤΗΤΑΣ | |
| Τίτλος | Marketing Communications / Frameworks,Theories and Applications |
| 260 ## - PUBLICATION, DISTRIBUTION, ETC. | |
| Name of publisher, distributor, etc. | Prentice Hall, |
| Date of publication, distribution, etc. | 1995 |
| 300 ## - PHYSICAL DESCRIPTION | |
| Extent | 516 |
| 520 ## - SUMMARY, ETC. | |
| Summary, etc. | This book is intended to help students and Managers understand more about the Theory and Practice of Marketing Communications Management. Preface, Acknowledgements, An Introduction to Marketing Communications, Communication Theory, The Communications Industry, An Introduction to Key Factor Analysis, Marketing Strategy, Buyer Information Processing, Buyer Decision-making Processes, Stakeholders, Intra organizational Issues, Marketing Research, Environmental Issues, Promotional Objectives and Positioning, Communication Strategy, Advertising Plans - Message Strategy, Advertising Plans - The Media, Advertising - Delivering Messages through Media Plans, Sales Promotion, Public Relations, Personal Selling, The Communication Spend: A Question of Appropriation, Evaluating the Promotional Program, Mini Cases. |
| 700 1# - ΠΡΟΣΘΕΤΗ ΑΝΑΓΡΑΦΗ--ΦΥΣΙΚΟ ΠΡΟΣΩΠΟ | |
| Personal name | Fill Chris |
| 9 (RLIN) | 1973 |
| 942 ## - ADDED ENTRY ELEMENTS (KOHA) | |
| Koha item type | Books |
| Τύπος τεκμηρίου | Βιβλιοθήκη | Τρέχουσα τοποθεσία | Barcode | Αριθμός εισαγωγής | Ημερομηνία απόκτησης | Ταξιθετικό σύμβολο | Αριθμός αντιτύπου | Κατάσταση απόσυρσης | Κατάσταση χαμένου | Κατάσταση κατεστραμμένου | Μη δανεισμός | Σύνολο δανεισμών | Ημερομηνία τελευταίας εμφάνισης | Η τιμή ισχύει από |
|---|---|---|---|---|---|---|---|---|---|---|---|---|---|---|
| Books | MC Athens Campus Library | MC Athens Campus Library | 9780000014849 | 2553 | 05/06/2025 | 658.8 FIL | 1 | 05/06/2025 | 05/06/2025 |